Dejiny literatúry slovenskej

Bibliographic Details
Main Author: Vlček, Jaroslav, 1860-1930 (Author)
Corporate Author: Kníhtlačiarsky účastinársky spolok (Martin, Slovensko) (Printer)
Format: Book
Language:Slovak
PhysicalDescription:6 nečíslovaných strán, 278 strán, 2 nečíslované strany 22,5 cm
Published: V Turč. Sv. Martine Nákladom vlastným 1890
Subjects:

MARC

LEADER 00000nam a2200000 4500
001 vtls001444780
003 SK-MaSNL
005 20260302072853.0
008 251112s1890 xo a f 00100 slo
015 |a SNBHFA 
035 |a SNK000400011 
040 |a SNK  |b slo  |c SNK  |e rda 
041 0 |a slo 
044 |a xo  |c SK 
072 7 |a 82-9  |x Literárna kritika, vecná literatúra a rôzne ďalšie žánre  |2 konspekt 
072 7 |a 82.0  |x Literatúra (teória)  |2 konspekt 
072 7 |a 821.162.4  |x Slovenská literatúra  |2 konspekt 
072 7 |a 821.162.4.09  |x Slovenská literatúra (o nej)  |2 konspekt 
080 |a 82-95  |2 2011 
080 |a 82(091)  |2 2011 
080 |a 821.162.4  |2 2011 
100 1 |a Vlček, Jaroslav,  |d 1860-1930  |4 aut  |4 pbl  |9 90337 
245 1 0 |a Dejiny literatúry slovenskej  |c napísal Jaroslav Vlček 
264 3 |a V Turč. Sv. Martine  |b Tlačou Kníhtlačiarskeho účastinárskeho spolku  |c 1890 
264 1 |a V Turč. Sv. Martine  |b Nákladom vlastným  |c 1890 
300 |a 6 nečíslovaných strán, 278 strán, 2 nečíslované strany  |c 22,5 cm 
336 |a text  |b txt  |2 rdacontent 
337 |a bez média  |b nc  |2 rdamedia 
338 |a zväzok  |b n  |2 rdacarrier 
500 |a Ozdobné inickálky s ornamentálnym pozadím v rámčeku na 3, 4 riadky, typografické ozdoby, zložky, erráta 
504 |a Register 
508 |a Predslov 
510 4 |a Bibliografia územne slovacikálnych tlačí 19. storočia  |c 15169 
546 |a Slovenský text  |b Antikva 
561 |a Proveniencia: pečiatka na titulnom liste: Miroslav Kovalevský 1916.-okrúhla pečiatka Museálna Slovenská Spoločnosť Muzeumi Tót Társaság.  |5 SNK SC 22 
563 |a Väzba: previazaná, lepenková.  |5 SNK SC 22 
650 0 7 |a literárna kritika  |2 SNKPH  |9 1138 
650 0 7 |a literárna história  |2 SNKPH  |9 1136 
650 0 7 |a slovenská literatúra  |2 SNKPH  |9 1115 
700 1 |a Kovalevský, Miroslav  |4 fmo  |9 301360 
710 2 |a Kníhtlačiarsky účastinársky spolok (Martin, Slovensko)  |4 prt  |9 93127 
710 2 |a Muzeálna slovenská spoločnosť (Martin, Slovensko)  |4 fmo  |9 33033 
752 |a Slovensko  |d Martin 
852 |a snk  |p SC 22 
958 |a ONDV 
958 |a DF 
999 |c 1158449  |d 1160379 
952 |a SNK  |b SNK  |y PREZ  |7 0  |p 17A0364287  |o snkSC 22  |i snk82/27  |0 0  |1 0  |4 0  |d 2002-11-20  |l 0  |r 2025-05-27 00:00:00  |w 2026-02-24